Vplyv zavedenia spoločnej európskej meny na konkurenčnú výkonnosť slovenskej ekonomiky dizertačná práca
Enregistré dans:
| Auteur principal: | |
|---|---|
| Collectivité auteur: | |
| Autres auteurs: | |
| Format: | Livre |
| Langue: | slovaque |
| Publié: |
Bratislava
2005
|
| Sujets: | |
| Tags: |
Pas de tags, Soyez le premier à ajouter un tag!
|
MARC
| LEADER | 00000nam$a2200000$$$4500 | ||
|---|---|---|---|
| 001 | 0100405 | ||
| 005 | 20230224100704.4 | ||
| 041 | 0 | |a slo | |
| 044 | |a SK | ||
| 245 | 1 | 0 | |a Vplyv zavedenia spoločnej európskej meny na konkurenčnú výkonnosť slovenskej ekonomiky |b dizertačná práca |c Radko Kuruc ; škol. Drahoš Šíbl |
| 264 | 1 | |a Bratislava |c 2005 | |
| 300 | |a 160 s. | ||
| 610 | 2 | 0 | |a mena |
| 610 | 2 | 0 | |a únie menové |
| 610 | 2 | 0 | |a euro |
| 610 | 2 | 0 | |a výkonnosť ekonomiky |
| 610 | 2 | 0 | |a Európska únia |
| 610 | 2 | 0 | |a Slovensko |
| 610 | 2 | 0 | |a konkurencieschopnosť |
| 610 | 2 | 0 | |a HMÚ |
| 100 | 1 | |a Kuruc, Radko | |
| 700 | 1 | |a Šíbl, Drahoš | |
| 710 | 2 | |a Ekonomická univerzita v Bratislave. Obchodná fakulta | |